000 00419nam a2200181Ia 4500
001 18147
005 20260306171609.0
008 260306s9999||||xx |||||||||||||| ||und||
041 _aESP
082 _a658.4012
_bJ24
100 _aJarillo, José Carlos
_eAUT
245 0 _aDirección estratégica
260 _c1992
300 _a204 páginas :
_c
650 _aGEN
654 _aCAN
942 _cLIB
_dJUS
_fJUS
_2ddc
_n
999 _c18147
_d18147